| 000 | 00544nam a2200217Ia 4500 | ||
|---|---|---|---|
| 003 | OSt | ||
| 005 | 20220928141241.0 | ||
| 006 | a|||||r|||| 00| 0 | ||
| 007 | ta | ||
| 008 | 220927b |||||||| |||| 00| 0 eng d | ||
| 024 | _a14195 | ||
| 037 | _cTextual | ||
| 040 |
_aSDCL _cSDCL _beng |
||
| 041 |
_2eng _aeng |
||
| 082 | _aO-,N:g, M9 | ||
| 100 |
_aMc - Elroy Bernard _9499476 |
||
| 245 | 0 | _aFiction of the modern grotesque. | |
| 260 | _c1989 | ||
| 942 |
_hO-,N:g, M9 _cTEXL _2CC |
||
| 999 |
_c816604 _d816604 |
||